| 000 | 00896nam a2200265 a 4500 | ||
|---|---|---|---|
| 001 | 68113 | ||
| 003 | BD-RjUL | ||
| 005 | 20211209081731.0 | ||
| 008 | 170330r19501947nyu b 001 0 eng | ||
| 020 | _a0836953746 | ||
| 035 | _a(BD-RjUL)68322 | ||
| 040 |
_aDLC _cDLC _dBD-RjUL _beng |
||
| 041 | _aeng | ||
| 082 | 0 | 0 |
_a150.1952 _223 _bHOS 1950 |
| 100 | 1 |
_aHollitscher, Walter. _9201918 |
|
| 245 | 0 | 0 |
_aSigmund Freud, an introduction : _ba presentation of his theory, and a discussion of the relationship between psychoanalysis and sociology / |
| 260 |
_aFreeport, N.Y. : _bBooks for Libraries Press, _c1947,[Second impression 1950] |
||
| 300 |
_aviii, 119 p. ; _c23 cm. |
||
| 500 | _aReprint of the 1947 ed. | ||
| 504 | _aBibliography: p. 100-116. | ||
| 600 | 1 | 0 |
_aFreud, Sigmund, _d1856-1939. _9131465 |
| 650 | 0 |
_aPsychoanalysis. _9201919 |
|
| 650 | 0 |
_aSociology. _9201920 |
|
| 942 |
_2ddc _cBK |
||
| 999 |
_c68113 _d68113 |
||